[Event "Titled Tue 21st Jan Late"]
[Site "chess.com INT"]
[Date "2025.01.21"]
[Round "7"]
[White "Stefansson, Vignir Vatnar"]
[Black "Martinez Alcantara, Jose Eduardo"]
[Result "1-0"]
[WhiteElo "2550"]
[BlackElo "2606"]
[PlyCount "213"]
[EventDate "2025.01.21"]

1. Nf3 {ChessBase II} c5 2. c4 Nc6 3. Nc3 g6 4. e3 ({RR} 4. d4 cxd4 5. Nxd4 Bg7 6. e3 ({RR} 6. Nc2 Bxc3+ 7. bxc3 Qa5) 6... Nf6) 4... Bg7 5. d4 d6 6. d5 ({RR} 6. h3) 6... Na5 ({RR} 6... Bxc3+ 7. bxc3 Na5 8. e4 Nf6 9. e5 dxe5 10. Nxe5 O-O 11. Be2 Nd7 12. Nxd7 Bxd7 13. O-O b6 14. Bh6 Re8 15. Qd2 Nb7 16. Rfe1 Nd6 17. Bf1 f6) 7. Bd2 Bd7 $146 ({RR} 7... e5 8. Qa4+ ({RR} 8. b4 cxb4 9. Ne4 f5 10. Qa4+ Bd7 ({RR} 10... Kf8 11. Nxd6) 11. Nxd6+) 8... Kf8 9. b4 e4 10. bxa5 exf3 11. gxf3 Nf6 12. Rb1 Rb8 13. h4 ({RR} 13. Bd3) 13... Qe7 14. Be2 h5 15. Qc2 Rg8 ({RR} 15... Kg8) 16. e4 Nd7 17. Nb5 a6 18. Na7 Qd8 19. f4 Bf6 20. Nxc8 Qxc8 21. Rb3 Qd8 22. Bc3 {Uusi,G-Zdanovs,I Riga 1961 EXT 2013 [ChessBase II] 0-1 (42)}) ({RR} 7... b6 8. Bd3 Nf6 9. h3 O-O 10. e4 e5 11. O-O a6 12. Rb1 Nh5 13. Re1 Rb8 14. b3 Qe8 15. Qc1 f5 16. Na4 Qd8 17. exf5 gxf5 18. Ng5 b5 19. Nc3 b4 20. Nd1 Nb7 21. Be2 Qe8 22. g4) ({RR} 7... Nf6 8. a3 O-O ({RR} 8... b6 9. b4 Nb7 10. Bd3 O-O 11. O-O e6) 9. b4) ({RR} 7... Nf6 8. Bd3 O-O 9. O-O e6 10. e4 exd5 11. cxd5 a6 12. a4 Re8 13. Re1 Bg4 14. Ra3 Nd7 15. h3 Bxf3 16. Qxf3 Ne5 17. Qe2 Qb6 18. Bc1 Nb3 19. Be3 Nd4 20. Bxd4 cxd4 21. Nd1 Qb4 22. Kf1 {Oparin,G (2681)-Firouzja,A (2777) chess.com INT 2023 0-1 (48)}) ({RR} 7... Nf6 8. b3 O-O 9. Be2 e5 10. O-O b6 11. e4 Ne8 12. Ne1 f5 13. exf5 gxf5 14. f4 e4 15. Nc2 a6 16. Ne3 Ra7 17. Kh1 Nf6 18. Rg1 Kh8 19. Qc2 Re7 20. Raf1 Nb7 21. Bc1 Qe8 22. Bb2 {Muradli,M (2588)-Martinez Alcantara,J (2606) chess.com INT 2025 1-0 (35)}) ({RR} 7... Nf6 8. a3 b6 9. b4 Nb7 10. h3 O-O 11. Bd3 e6 12. O-O exd5 13. cxd5 a6 14. e4 Bd7 15. Re1 Qc7 16. Rc1 Rfe8 17. Bf4 c4 18. Bb1 Nh5 19. Be3 b5 20. Qd2 Qd8 21. Nd4 Qe7 22. Bc2 {Pantsulaia,L (2610)-Sedaghati,M (2225) Urmia 2015 1-0 (51)}) 8. a3 b6 9. b4 Nb7 10. Rb1 Nf6 11. e4 O-O 12. Bd3 cxb4 13. axb4 a5 14. O-O Bg4 15. h3 Bxf3 16. Qxf3 Nd7 17. Qe2 axb4 18. Rxb4 Nbc5 19. Bc2 Ra3 20. Nb5 Ra2 21. Bb1 Ra1 22. Bc3 Bxc3 23. Nxc3 Qa8 24. Nb5 Ra4 25. Rxa4 Qxa4 26. f4 f6 27. Nd4 Qa3 28. Nc6 Rf7 29. Re1 Qc3 30. Kh2 h5 31. e5 fxe5 32. fxe5 Nf8 33. e6 Rg7 34. Rf1 Nh7 35. Rf7 Rxf7 36. exf7+ Kg7 37. Qxe7 Nf8 38. Qxd6 Qf6 39. Qxf6+ Kxf6 40. Kg3 Kxf7 41. Kf4 Kf6 42. h4 Nb7 43. Ne5 Nd6 44. Bd3 Nb7 45. g3 Nc5 46. Be2 Nb7 47. Nd3 Nd7 48. Nf2 Kg7 49. g4 hxg4 50. Bxg4 Ndc5 51. Ke5 Kf7 52. d6 Ke8 53. Kd5 Kd8 54. Kc6 Na5+ 55. Kxb6 Ncb3 56. c5 Nc4+ 57. Kb5 Ne5 58. Bh3 Nd4+ 59. Kb6 Nc4+ 60. Kb7 Na5+ 61. Ka6 Nc4 62. Ne4 Ne5 63. Kb6 Nc4+ 64. Ka6 Ne5 65. Ng5 Nd3 66. Ne6+ Nxe6 67. c6 Nc7+ 68. Kb7 Nc5+ 69. Kb6 N5a6 70. dxc7+ Nxc7 71. Kc5 Ne8 72. Kd5 Ke7 73. Ke5 Nc7 74. Bd7 Nb5 75. Kf4 Kf6 76. Be8 Nc7 77. Bd7 Nb5 78. Ke4 Nc7 79. Kd4 Ke7 80. Kc5 Kd8 81. Kb6 Nd5+ 82. Kb7 Nc7 83. Bg4 Nb5 84. Be6 Nc7 85. Bc4 Ne8 86. Bf7 Nd6+ 87. Kb8 Ke7 88. Bxg6 Kf6 89. h5 Nb5 90. Bd3 Nd6 91. c7 Kg5 92. Ka7 Kxh5 93. Kb6 Kg5 94. Kc6 Nc8 95. Ba6 Ne7+ 96. Kd7 Kf6 97. Bc4 Ng6 98. c8=Q Ne5+ 99. Kd6 Ng4 100. Qe6+ Kg5 101. Qd5+ Kf4 102. Be2 Nf2 103. Qd4+ Kg3 104. Qe3+ Kg2 105. Qf3+ Kg1 106. Qg3+ Kh1 107. Bf3# 1-0

[Event "Titled Tue 21st Jan Late"]
[Site "chess.com INT"]
[Date "2025.01.21"]
[Round "9"]
[White "Theodorou, Nikolas"]
[Black "Henriquez Villagra, C."]
[Result "1-0"]
[WhiteElo "2612"]
[BlackElo "2597"]
[PlyCount "77"]
[EventDate "2025.01.21"]

1. Nf3 d6 2. d4 Nf6 3. b3 Bf5 4. Bb2 h6 5. c4 e6 6. Nc3 Nbd7 7. g3 d5 8. Bg2 c6 9. O-O Be7 10. Nd2 O-O 11. e4 dxe4 12. Ndxe4 Nxe4 13. Nxe4 Nf6 14. Nc3 $146 ({RR} 14. Nd2 a5 15. a3 Qb6 16. c5 Qc7 17. Qe2 b5 18. Rfe1 a4 19. b4 Rfe8 20. Nf1 Qd7 21. Rad1 Bg4 22. f3 Bh5 23. Ne3 Nd5 24. Nxd5 exd5 25. Qf1 Bg5 26. Bh3 f5 27. Qd3 Bg6 28. Kf2 Qf7 {Willmoth,R (2164)-Makarov,A (2180) England 2013 ½-½ (46)}) 14... Qa5 15. Qe2 Ba3 16. Bxa3 Qxa3 17. h3 Rad8 18. Rfd1 Rd7 19. Rd2 Rfd8 20. Rad1 Bg6 21. d5 exd5 22. cxd5 Re8 23. Qc4 cxd5 24. Nxd5 Nxd5 25. Bxd5 Rde7 26. Kg2 Kh7 27. Bf3 b6 28. h4 h5 29. Qb5 Re5 30. Qc6 R5e6 31. Qc7 Rf6 32. Rd8 Rxd8 33. Rxd8 Bf5 34. Qb8 Kg6 35. Bxh5+ Kxh5 36. Rh8+ Rh6 37. Qf4 Bh3+ 38. Kxh3 Qe7 39. Qg4# 1-0

[Event "Titled Tue 21st Jan Late"]
[Site "chess.com INT"]
[Date "2025.01.21"]
[Round "11"]
[White "Theodorou, Nikolas"]
[Black "Anton Guijarro, D."]
[Result "1-0"]
[WhiteElo "2612"]
[BlackElo "2664"]
[PlyCount "89"]
[EventDate "2025.01.21"]

1. Nf3 d5 2. b3 Bf5 3. Bb2 e6 4. g3 Nf6 5. Bg2 Be7 6. O-O O-O 7. d3 h6 8. Nc3 ({RR} 8. Ne5 Nbd7 9. Nxd7 Qxd7 10. Nd2 Bh7 11. e3 a5 12. a4 c6 13. Qe2 Rfd8 14. Rfd1 Qc7 15. e4 b5 16. h3 Rac8 17. Kh2 b4 18. Rac1 c5 19. c4 bxc3 20. Bxc3 Qb6 21. Qe1 Qa6 22. Bf1 Qa8 {Nakamura,H (2736)-Vidit,S (2727) Chess.com INT 2022 1-0 (43)}) 8... c6 9. Nd2 Bh7 10. e4 Na6 $146 ({RR} 10... a5 11. Kh1 dxe4 12. dxe4 Na6 13. a3 Nc5 14. Qe2 Qb6 15. f4 Rad8 16. Nc4 Qc7 17. a4 Rd4 18. e5 Nd5 19. Nxd5 Rxd5 20. Bxd5 cxd5 21. Nd6 Ne4 22. f5 Nxd6 23. exd6 Bxd6 24. g4 Qc6 25. Qg2 {Theodorou,N (2619)-Sattarov,B (2353) chess.com INT 2023 1-0 (37)}) ({RR} 10... b5 11. a4 b4 12. Ne2 a5 13. Nd4 Qb6 14. Qe2 Na6 15. Kh1 Rfe8 16. f4 Bc5 17. N4f3 Be7 18. e5 Nd7 19. g4 Nc7 20. Rg1 Bc5 21. Rgf1 Be3 22. Ng1 Bd4 23. Bxd4 Qxd4 24. Nh3 f6 25. Nf3 {Theodorou,N (2612)-Moussard,J (2599) chess.com INT 2025 0-1 (70)}) ({RR} 10... a5 11. Kh1 dxe4 12. dxe4 Na6 13. a3 Nc5 14. Qe2 Qb6 15. f4 Rad8 16. Nc4 Qc7 17. a4 Rd4 18. e5 Nd5 19. Nxd5 Rxd5 20. Bxd5 cxd5 21. Nd6 Ne4 22. f5 Nxd6 23. exd6 Bxd6 24. g4 Qc6 25. Qg2 {Theodorou,N (2619)-Sattarov,B (2353) chess.com INT 2023 1-0 (37)}) 11. f4 b5 12. e5 Nd7 13. Nf3 b4 14. Ne2 Nc7 15. g4 c5 16. Ng3 a5 17. f5 a4 18. f6 gxf6 19. Qd2 d4 20. Qxh6 fxe5 21. Nh5 Ne8 22. h4 Ra6 23. Ng5 Bxg5 24. hxg5 e4 25. Nf6+ Ndxf6 26. gxf6 e5 27. g5 exd3 28. Rf3 Qd7 29. cxd3 Qg4 30. Raf1 e4 31. Rh3 Nxf6 32. Rxf6 Qxh3 33. Bxh3 exd3 34. Rxa6 d2 35. Bg4 a3 36. Ba1 Re8 37. Kf2 Bd3 38. g6 fxg6 39. Rxg6+ Bxg6 40. Qxg6+ Kf8 41. Qf6+ Kg8 42. Qg5+ Kf7 43. Qxd2 Re3 44. Qxe3 dxe3+ 45. Kxe3 1-0

[Event "Bundesliga 2024-25"]
[Site "Viernheim GER"]
[Date "2025.02.01"]
[Round "7.3"]
[White "Aravindh, Chithambaram VR."]
[Black "Santos Latasa, J."]
[Result "1-0"]
[WhiteElo "2698"]
[BlackElo "2624"]
[PlyCount "152"]
[EventDate "2024.10.05"]
[EventType "team"]
[WhiteTeam "SC Viernheim"]
[BlackTeam "FC Bayern Muenchen"]

1. Nf3 {Chessbase - Stockfish 17} Nf6 2. g3 c5 3. Bg2 Nc6 4. O-O d5 5. d4 e6 6. c4 dxc4 7. dxc5 Qxd1 8. Rxd1 Bxc5 9. Nbd2 c3 10. bxc3 O-O 11. Ne1 Bd7 12. Rb1 Rab8 ({RR} 12... Na5 13. Nb3 Nxb3 14. axb3 Bc6 15. Bxc6 bxc6 16. Nd3 Be7 ({RR} 16... Bb6 17. Bd2 Ne4 18. Be1 Rfd8 19. Ne5 Rd5 20. Nd3 Rad8 21. c4 R5d7 22. Rdc1 Bd4 23. b4 g5 24. Kg2 g4 25. h3 gxh3+ 26. Kxh3 e5 27. Kg2 f5 28. c5 f4 29. b5 cxb5 30. c6 Rc7 31. Ba5) 17. Be3 Rfc8 18. Bc5 Kf8 19. Ra1 Rc7 20. Kf1 Nd7 21. Bxe7+ Kxe7 22. Ra3 c5 23. c4 Rb7 24. Rda1 a5 25. Ke1 Kd6 26. Nc1 ({RR} 26. Rxa5 Rxa5 27. Rxa5 Rxb3) 26... Rba7 27. Na2 {Praggnanandhaa,R (2741)-Erigaisi,A (2801) Wijk aan Zee 2025 [Chessbase - Stockfish 17] 1-0 (60)}) 13. Ne4 Nxe4 14. Bxe4 f5 $146 ({RR} 14... Be8 15. Nd3 Bd6 16. Nb4 Nxb4 17. cxb4 Be5 18. b5 f5 19. Bf3 Bg6 20. b6 axb6 21. Rxb6 Rfd8 22. Rxd8+ Rxd8 23. Bg5 Rd6 24. Rxd6 Bxd6 25. Bxb7 Be8 26. Ba6 Kf7 27. Bc4 Ba4 28. Kf1 Bb4 29. Bc1 {Berkes,F (2666)-Kacharava,N (2424) Skopje 2019 1-0 (60)}) 15. Bg2 Be8 16. Bf4 e5 17. Bxc6 Bxc6 18. Bxe5 Rbe8 19. Nd3 Ba3 20. Rd2 b6 21. f3 Bd5 22. Kf2 Bc4 23. Bd4 Rc8 24. h4 Rfe8 25. Nf4 Rc7 26. Rg1 Rf7 27. Nd3 Be6 28. Ne5 Rff8 29. g4 f4 30. h5 Rc8 31. Rh1 Rc7 32. Rb1 Rcc8 33. Rdd1 Rc7 34. Rh1 Re8 35. Nd3 Bd6 36. a4 Bc4 37. Rb2 Kf7 38. Ra1 Rce7 39. Rd2 Bc7 40. Rg1 Kg8 41. Re1 Re6 42. Rh1 R8e7 43. Rg1 Rf7 44. Nb2 Ba6 45. Rgd1 Rfe7 46. Nd3 Bc4 47. Rg1 Rf7 48. g5 Rf5 49. Rg4 Kf7 50. Rd1 a5 51. Ke1 g6 52. hxg6+ Kxg6 53. Kd2 Bxd3 54. Kxd3 Bd8 55. Rb1 Rd6 56. c4 Re6 57. Rh1 Bxg5 58. Rb1 h5 59. Rgg1 Kf7 60. Rxb6 Rxb6 61. Bxb6 Be7 62. Bd4 h4 63. Rg7+ Ke6 64. Rh7 Rf7 65. Rh5 Bd8 66. Ke4 Kd6 67. Be5+ Kc6 68. Bxf4 Re7+ 69. Be5 Bc7 70. f4 Kc5 71. Rxh4 Kxc4 72. Kf5 Kd5 73. e4+ Kc4 74. Bxc7 Rxc7 75. e5 Kb4 76. e6 Kxa4 1-0

[Event "Titled Tue 28th Jan Early"]
[Site "chess.com INT"]
[Date "2025.01.28"]
[Round "5"]
[White "Deac, Bogdan-Daniel"]
[Black "Visakh, N R"]
[Result "1-0"]
[WhiteElo "2696"]
[BlackElo "2501"]
[PlyCount "85"]
[EventDate "2025.01.28"]

1. Nf3 d5 2. g3 Nd7 3. Bg2 e5 4. d3 Ngf6 5. O-O c6 6. c4 dxc4 7. dxc4 Bc5 8. Nc3 O-O 9. Qc2 ({RR} 9. b3 Re8 10. Nd2 Qc7 11. Bb2 Nf8 12. Qc2 Be6 13. Rad1 Rad8 14. e3 Bg4 15. Rde1 Qd7 16. Nde4 Nxe4 17. Nxe4 Bb4 18. Rc1 Qd3 19. a3 Be7 20. Rfe1 Qxc2 21. Rxc2 Rd3 22. b4 f6 23. f4 Bf5 {Badacsonyi,S (2334)-Khoury,T (2164) Peterborough ENG 2025 0-1 (55)}) ({RR} 9. Bg5 Qc7 10. Qd2 Re8 11. Rad1 h6 12. Be3 a5 13. Nh4 Bb4 14. a3 Bf8 15. Nf5 Nb6 16. Bxb6 Qxb6 17. Ne3 Be6 18. Qc2 Qa7 19. Rd2 Bc5 20. Ncd1 Rad8 21. Rxd8 Rxd8 22. Nf5 g6 23. Nh4 Kg7 {Tarhan,A (2481)-Deac,B (2696) chess.com INT 2025 0-1 (45)}) 9... h6 ({RR} 9... Qe7 10. b3 Re8 11. Bb2 Nf8 12. Rad1 e4 13. Ng5 Bf5 14. Na4 Bb4 15. Bxf6 gxf6 16. Nh3 Qe5 17. c5 e3 18. Qc4 Bd2 19. fxe3 Bxe3+ 20. Kh1 Rad8 21. Nc3 Be6 22. Qb4 Bxc5 23. Qxb7 Bxh3 24. Bxh3 {Predke,A (2673)-Dardha,D (2630) Vasto ITA 2024 0-1 (40)}) 10. Rd1 Qe7 11. Nh4 $146 ({RR} 11. Na4 Bd6 12. Nh4 Nc5 13. Nxc5 Bxc5 14. Nf5 Qc7 15. Bd2 a5 16. Bc3 Re8 17. b3 Be6 18. Rd2 Rad8 19. Rad1 Rxd2 20. Rxd2 Bb4 21. Ne3 Nd7 22. Rd1 Bxc3 23. Qxc3 Nc5 24. h4 h5 25. Nc2 g6 {Manafov,V (2431)-Deac,B (2696) New York USA 2024 0-1 (73)}) 11... Nb6 12. b3 a5 13. Nf5 Bxf5 14. Qxf5 Bd4 15. Bd2 a4 16. Rab1 axb3 17. axb3 Rfd8 18. Be1 Nbd7 19. b4 Nb6 20. c5 Nbd5 21. Nxd5 Nxd5 22. e3 Nc3 23. exd4 Nxd1 24. Rxd1 Rxd4 25. Rb1 Rad8 26. Bf3 e4 27. Be2 e3 28. f3 g6 29. Qc2 Qe6 30. Qc3 Qa2 31. Qb2 Qd5 32. Qc2 Qe6 33. Ra1 h5 34. Bc3 R4d7 35. Qe4 Qxe4 36. fxe4 Re8 37. e5 Rb8 38. Kg2 b6 39. cxb6 Rxb6 40. Kf3 Rc7 41. Ra8+ Kh7 42. e6 g5 43. Bd3+ 1-0

[Event "Titled Tue 28th Jan Early"]
[Site "chess.com INT"]
[Date "2025.01.28"]
[Round "9"]
[White "Theodorou, Nikolas"]
[Black "Safarli, E."]
[Result "1-0"]
[WhiteElo "2612"]
[BlackElo "2609"]
[PlyCount "71"]
[EventDate "2025.01.28"]

1. Nf3 Nf6 2. b3 g6 3. Bb2 c5 4. c4 Bg7 5. g3 O-O 6. Bg2 Nc6 7. O-O d6 8. d4 cxd4 9. Nxd4 Bd7 10. Nc3 Rc8 11. e3 ({RR} 11. Nc2 Qa5 12. Ne3 Ng4 13. Nxg4 Bxg4 14. Rc1 Rfd8 15. Qd2 a6 16. Rfd1 Be6 17. Na4 Bxb2 18. Qxa5 Nxa5 19. Nxb2 Bd7 20. Nd3 Be8 21. Rd2 Kf8 22. Rcd1 e6 23. Kf1 {½-½ (23) Landa,K (2678)-Gashimov,V (2664) Reggio Emilia 2008}) 11... a6 12. a4 ({RR} 12. Rc1 Qb6 13. Na4 Qa7 14. c5 Nxd4 15. Bxd4 e5 16. Bb2 Bxa4 17. bxa4 dxc5 18. Bxe5 Rfd8 19. Qb3 b6 20. Rb1 Nd7 21. Bf4 h6 22. h4 b5 23. axb5 axb5 24. Qxb5 Qxa2 25. Bb7 Ne5 26. Bxe5 Bxe5 {Yurovskykh,O (2328)-Swara Lakshmi S Nair (2158) chess.com INT 2025 1-0 (40)}) 12... Bg4 $146 ({RR} 12... Na5 13. Rb1 Qb6 14. Ba3 Rfd8 15. Qd3 Nc6 16. Rfd1 Nxd4 17. Qxd4 Qc7 18. Qd2 Bg4 19. Rdc1 Qd7 20. a5 Bh3 21. Bh1 Qf5 22. Na4 Ne4 23. Qc2 Ng5 24. Qd1 Bg4 25. Qd2 Bf3 26. e4 Qxe4 27. Qxg5 {Janik,I (2418)-Akhvlediani,I (2303) Mamaia 2017 0-1 (34)}) ({RR} 12... Qc7 13. Rc1 Qb8 14. Re1 Rfe8 15. h3 Na7 16. Bf1 Rc5 17. b4 Rh5 18. g4 Nxg4 19. hxg4 Rh4 20. Nd5 e6 21. Nb6 d5 22. Bg2 Qh2+ 23. Kf1 Bxd4 24. Bxd4 Bc6 25. cxd5 exd5 26. Nxd5 Bxd5 27. Bxd5 {Dezan,P (2245)-Molnar,B (2380) Kecskemet 1989 1-0}) 13. Qd2 Qd7 14. a5 Bh3 15. Na4 Bxg2 16. Kxg2 Nxd4 17. exd4 Qf5 18. Nb6 Rce8 19. f3 d5 20. Rae1 dxc4 21. bxc4 Nh5 22. d5 Bxb2 23. Qxb2 e5 24. d6 Nf6 25. c5 Re6 26. Qb1 e4 27. fxe4 Qxc5 28. e5 Ng4 29. Qe4 Nxe5 30. d7 Nc6 31. Qd5 Qxd5+ 32. Nxd5 Rd6 33. Nf6+ Kh8 34. Re8 Kg7 35. Rc8 Nd8 36. Ne8+ 1-0

[Event "Titled Tue 28th Jan Early"]
[Site "chess.com INT"]
[Date "2025.01.28"]
[Round "10"]
[White "Korobov, A."]
[Black "Ter Sahakyan, S."]
[Result "1-0"]
[WhiteElo "2627"]
[BlackElo "2611"]
[PlyCount "69"]
[EventDate "2025.01.28"]

1. Nf3 d5 2. g3 Nd7 3. Bg2 e5 4. d3 Ngf6 5. O-O Bd6 6. Nbd2 O-O 7. e4 c6 8. b3 Re8 9. Bb2 a5 10. a4 Qc7 11. Re1 d4 12. c3 dxc3 13. Bxc3 Bb4 14. Qc2 Bxc3 $146 ({RR} 14... b6 15. d4 Ba6 16. dxe5 Bxc3 17. Qxc3 Nxe5 18. Nxe5 Rxe5 19. f4 Rc5 20. Qb2 b5 21. e5 Ng4 22. Ne4 Rd5 23. Bf3 Qb6+ 24. Kh1 h5 25. Qc2 bxa4 26. bxa4 Bd3 27. Qc3 Bxe4 28. Bxe4 Qf2 29. Bg2 {Ozen,B (2315)-Arat,U (2400) Izmir 2017 1-0 (49)}) 15. Qxc3 b6 16. d4 Ba6 17. Rac1 Rac8 18. Nxe5 Nxe5 19. dxe5 Rxe5 20. f4 Rc5 21. Qe3 Rxc1 22. Rxc1 Rd8 23. h3 Rd3 24. Qe1 Qd8 25. Nf3 c5 26. Ne5 Qd4+ 27. Kh2 Re3 28. Qd1 Nxe4 29. Qxd4 cxd4 30. Rc6 g5 31. Rxb6 gxf4 32. gxf4 Be2 33. Rb8+ Kg7 34. Rd8 d3 35. Nc4 1-0

[Event "Titled Tue 28th Jan Early"]
[Site "chess.com INT"]
[Date "2025.01.28"]
[Round "11"]
[White "Svane, R."]
[Black "Mitrabha, G."]
[Result "1-0"]
[WhiteElo "2624"]
[BlackElo "2509"]
[PlyCount "147"]
[EventDate "2025.01.28"]

1. Nf3 Nf6 2. g3 b6 3. Bg2 Bb7 4. O-O c5 5. c4 g6 6. Nc3 Bg7 7. d4 cxd4 8. Qxd4 O-O 9. Qh4 d6 10. Rd1 Nbd7 11. Be3 Rc8 12. Rac1 ({RR} 12. b3 Qc7 13. Bg5 Qb8 14. e4 a6 15. Nd4 e6 16. Bh6 Rc5 {½-½ (16) Bareev,E (2670)-Andersson,U (2640) Polanica Zdroj 1997}) 12... a6 13. b3 Rc7 14. Bh3 h5 $146 ({RR} 14... Qa8 15. Nd4 Ne5 16. g4 Ne4 17. Nxe4 Bxe4 18. f4 Nc6 19. Qf2 Nb8 20. Nf3 b5 21. c5 Bb2 22. cxd6 Rxc1 23. Bxc1 Bxc1 24. Rxc1 exd6 25. Bg2 Re8 26. Qd4 Nc6 27. Qxd6 Qa7+ 28. Qc5 Qd7 29. Kf2 {Shuvalov,E (2182)-Jumabayev,R (2628) Chess.com INT 2022 0-1 (38)}) ({RR} 14... Qa8 15. Nd4 Ne5 16. g4 Ne4 17. Nxe4 Bxe4 18. f4 Nc6 19. Qf2 Nb8 20. Nf3 b5 21. c5 Bb2 22. cxd6 Rxc1 23. Bxc1 Bxc1 24. Rxc1 exd6 25. Bg2 Re8 26. Qd4 Nc6 27. Qxd6 Qa7+ 28. Qc5 Qd7 29. Kf2 {Shuvalov,E (2182)-Jumabayev,R (2628) Chess.com INT 2022 0-1 (38)}) 15. Bd4 Nc5 16. Nd5 Bxd5 17. cxd5 a5 18. Bg2 Qd7 19. Nd2 Qg4 20. Qxg4 Nxg4 21. Bxg7 Kxg7 22. Nc4 Nd7 23. h3 Ngf6 24. Nd2 Rc5 25. Rxc5 bxc5 26. Nc4 Ra8 27. a4 Ra6 28. e3 Nb6 29. Na3 Ne8 30. Bf1 Ra8 31. Bb5 Nc7 32. Bc6 Ra7 33. Rd3 Ra6 34. Bb7 Ra7 35. Bc6 Kf6 36. f4 Nc8 37. Kf2 e6 38. dxe6 fxe6 39. e4 Ke7 40. Ke3 Nb6 41. g4 h4 42. Kf3 d5 43. exd5 exd5 44. Bb5 Ne6 45. Re3 Kf6 46. Re1 Nd4+ 47. Kf2 Nxb3 48. Bc6 Rc7 49. Be8 Nd4 50. g5+ Kg7 51. Nb5 Nxb5 52. axb5 c4 53. Re6 c3 54. Bxg6 c2 55. Bxc2 Rxc2+ 56. Kf3 Nc4 57. f5 d4 58. Re7+ Kf8 59. f6 Rc3+ 60. Kf4 Rg3 61. Rc7 Nb6 62. Rc6 Nd5+ 63. Kf5 d3 64. Rd6 Nc3 65. b6 Rxg5+ 66. Ke6 Rd5 67. b7 Rxd6+ 68. Kxd6 d2 69. b8=Q+ Kf7 70. Qb3+ Kf8 71. Ke6 Kg8 72. f7+ Kh7 73. Qc2+ Kh6 74. f8=Q+ 1-0

[Event "Titled Tue 28th Jan Early"]
[Site "chess.com INT"]
[Date "2025.01.28"]
[Round "11"]
[White "Visakh, N R"]
[Black "Martinez Alcantara, Jose Eduardo"]
[Result "1-0"]
[WhiteElo "2501"]
[BlackElo "2606"]
[PlyCount "121"]
[EventDate "2025.01.28"]

1. Nf3 c5 2. g3 Nc6 3. d4 cxd4 4. Nxd4 g6 5. Bg2 Bg7 6. Nxc6 bxc6 7. O-O h5 ({RR} 7... Qc7 8. c4 Nf6 9. Nc3 O-O 10. Qa4 Bb7 11. Bf4 Qb6 12. Qa3 d6 13. c5 Qxc5 14. Qxc5 dxc5 15. Na4 Nd5 16. Nxc5 Nxf4 17. gxf4 Bc8 18. Rad1 Bxb2 19. Bxc6 Bh3 20. Bxa8 Rxa8 21. Rb1 Ba3 22. Nd3 {Li,C (2686)-Alekseev,E (2714) Kazan 2013 ½-½ (37)}) 8. h3 Rb8 9. c4 Nf6 $146 ({RR} 9... Rxb2 10. Bxb2 Bxb2 11. Nd2 Bxa1 12. Qxa1 Nf6 13. Qd4 a5 14. Ne4 O-O 15. Nxf6+ exf6 16. Qa7 Qe7 17. c5 a4 18. e3 Qe5 19. Rd1 Qc3 20. Bf1 h4 21. g4 Qc2 22. Rd4 Qxa2 23. Rxa4 Qb1 24. Qc7 {Sowinski,P (2447)-Martinez Alcantara,J (2607) chess.com INT 2024 0-1 (39)}) ({RR} 9... Rxb2 10. Bxb2 Bxb2 11. Nd2 Bxa1 12. Qxa1 Nf6 13. Qd4 a5 14. Ne4 O-O 15. Nxf6+ exf6 16. Qa7 Qe7 17. c5 a4 18. e3 Qe5 19. Rd1 Qc3 20. Bf1 h4 21. g4 Qc2 22. Rd4 Qxa2 23. Rxa4 Qb1 24. Qc7 {Sowinski,P (2447)-Martinez Alcantara,J (2607) chess.com INT 2024 0-1 (39)}) 10. Nc3 O-O 11. b3 h4 12. g4 Nxg4 13. hxg4 Bxc3 14. Bh6 Re8 15. Rc1 Bh8 16. Qd2 d5 17. cxd5 cxd5 18. Bxd5 Bxg4 19. Rfd1 e6 20. Bc6 Qxd2 21. Rxd2 Rec8 22. f3 Bh5 23. Bg5 Be5 24. f4 Bc7 25. e3 Bb6 26. Kf2 h3 27. Rdc2 Kg7 28. Be7 Rd8 29. Bxd8 Rxd8 30. Bf3 Bxf3 31. Kxf3 Rd3 32. Re2 f5 33. Rh1 Kf6 34. Rxh3 e5 35. Kg2 Rd8 36. Rh7 e4 37. Kf2 Rd3 38. Rh8 g5 39. Rh6+ Kg7 40. fxg5 f4 41. Re6 Bxe3+ 42. Ke1 f3 43. Rxe4 fxe2 44. Kxe2 Rd2+ 45. Kxe3 Rxa2 46. Ra4 Rb2 47. Rxa7+ Kg6 48. Rb7 Kxg5 49. Kd4 Kf6 50. b4 Rc2 51. Kd5 Rc8 52. b5 Rc1 53. Kd6 Rd1+ 54. Kc6 Ke6 55. Rc7 Rd6+ 56. Kb7 Kd5 57. Rc1 Rh6 58. b6 Rh7+ 59. Ka8 Rh1 60. Rxh1 Kc6 61. b7 1-0

[Event "Titled Tue 28th Jan Late"]
[Site "chess.com INT"]
[Date "2025.01.28"]
[Round "5"]
[White "Maghsoodloo, Parham"]
[Black "Christiansen, Johan-Sebastian"]
[Result "1-0"]
[WhiteElo "2674"]
[BlackElo "2664"]
[PlyCount "67"]
[EventDate "2025.01.28"]

1. Nf3 Nf6 2. g3 d6 3. Bg2 g6 4. O-O Bg7 5. Nc3 ({RR} 5. d3 e5 6. Nbd2 Nc6 7. e4 h5 8. Nc4 Bg4 9. h3 Bxf3 10. Bxf3 h4 11. g4 Nd4 12. Bg2 Ne6 13. c3 Nh7 14. Be3 Qf6 15. Qb3 O-O 16. Qxb7 Nhg5 17. Qb3 Nf4 18. Bxf4 Qxf4 19. Qd1 Rab8 {Balasubramaniun,R (2408)-Ebenezer,J (2203) Chennai 2004 ½-½ (36)}) ({RR} 5. d3 c6 6. e4 Qc7 7. Nbd2 O-O 8. a4 Nbd7 9. Qe2 Re8 10. Re1 e5 11. b3 Nf8 12. Ba3 c5 13. Bb2 Bd7 14. Nc4 Rab8 15. Qd2 b6 16. Ra2 h6 17. Ne3 Bc6 18. c4 Kh7 19. Nh4 Ne6 {Muenster,E (1936)-Beck,K (1987) Mittelfranken 2018 1-0 (45)}) 5... O-O $146 ({RR} 5... Nc6 6. d3 b6 7. Bd2 Bb7 8. e4 e5 9. Qe2 O-O 10. Rfe1 a6 11. Rad1 Qd7 12. Be3 Rac8 13. a3 Ng4 14. h3 Nxe3 15. Qxe3 Ne7 16. d4 exd4 17. Nxd4 c5 18. Nf3 Qc7 19. Re2 Rfe8 20. Red2 {Sherif,M (896)-Kenen,A (1452) Cologne 2011 1-0 (44)}) ({RR} 5... b6 6. b3 Bb7 7. Bb2 c5 8. e4 Qc8 9. d3 Qc6 10. Qe2 Nbd7 11. Rac1 e6 12. a3 a5 13. d4 O-O 14. Rfd1 d5 15. e5 Ne4 16. Re1 c4 17. bxc4 dxc4 18. a4 Ng5 19. Nxg5 Qxg2# {0-1 (19) Mourao Neto,F (1737)-Silva,L (1815) Manaus 2012}) 6. e4 c5 7. h3 Nc6 8. Re1 Rb8 9. a4 a6 10. e5 dxe5 11. Nxe5 Nxe5 12. Rxe5 Qc7 13. Re1 Bf5 14. d3 Rbd8 15. Bf4 Qd7 16. g4 Be6 17. Qf3 b5 18. axb5 axb5 19. Be5 b4 20. Ne4 Nxe4 21. Qxe4 Bxe5 22. Qxe5 b3 23. cxb3 Qxd3 24. Qxc5 Qxb3 25. Reb1 Rd6 26. Ra3 Qb8 27. b4 Rc8 28. Ra8 Rxc5 29. bxc5 Qxa8 30. Bxa8 Rd2 31. Rc1 Ra2 32. Bb7 Rb2 33. c6 Bd5 34. Ba6 1-0

[Event "Titled Tue 28th Jan Late"]
[Site "chess.com INT"]
[Date "2025.01.28"]
[Round "7"]
[White "Le, Quang Liem"]
[Black "Niemann, Hans Moke"]
[Result "1-0"]
[WhiteElo "2739"]
[BlackElo "2734"]
[PlyCount "127"]
[EventDate "2025.01.28"]

1. Nf3 d5 2. e3 Nf6 3. c4 e6 4. Nc3 c5 5. d4 Nc6 6. a3 dxc4 7. Bxc4 a6 8. O-O b5 9. Ba2 Bb7 10. Qe2 c4 11. Rd1 Be7 12. e4 O-O ({RR} 12... Qc7 13. d5 Ne5 14. Nxe5 Qxe5 15. f4 Bc5+ 16. Kh1 Qh5 17. Qxh5 Nxh5 18. Ne2 Nf6 19. Ng3 Ng4 20. Rf1 Nf2+ 21. Kg1 Nxe4+ 22. Kh1 Nxg3+ 23. hxg3 Bxd5 24. a4 h5 25. Bd2 h4 26. Kh2 f5 27. axb5 {Perez de Miguel,A (2297)-Padmini,R (2389) chess.com INT 2023 0-1 (31)}) 13. Bf4 Re8 $146 ({RR} 13... Na5 14. h3 Re8 15. Qc2 Rc8 16. Re1 Nd7 17. Rad1 Nf8 18. Bb1 Nb3 19. Ba2 Na5 20. Bg3 Bd6 21. Ne2 b4 22. axb4 Bxb4 23. Nc3 Bd6 24. Bxd6 Qxd6 25. Qa4 Qb6 26. Rd2 Nb3 27. Bxb3 cxb3 28. Re3 {Bosboom,M (2400)-Swinkels,R (2525) Bussum 2013 0-1 (64)}) 14. h3 Qb6 15. Rd2 Rad8 16. Rad1 Na5 17. Ne5 Nd7 18. Qg4 Nxe5 19. Bxe5 Bf8 20. Qg3 Rd7 21. h4 Nc6 22. Bf6 Kh8 23. d5 gxf6 24. dxc6 Rxd2 25. Rxd2 Bxc6 26. e5 Qb8 27. exf6 Qxg3 28. fxg3 e5 29. g4 e4 30. Kf1 h6 31. Bb1 Bc5 32. g5 hxg5 33. hxg5 a5 34. Re2 e3 35. g3 Ba8 36. Rh2+ Kg8 37. Bh7+ Kf8 38. Be4 Kg8 39. Bxa8 Rxa8 40. Nxb5 Rb8 41. a4 Rd8 42. Ke1 Bb4+ 43. Nc3 Rd3 44. Rh4 Bxc3+ 45. bxc3 Rxc3 46. Ke2 Ra3 47. Rxc4 Kh7 48. Rc5 Rxa4 49. Kxe3 Kg6 50. Kf3 Ra1 51. Kg4 Ra4+ 52. Kh3 Ra1 53. Rb5 a4 54. Kg4 a3 55. Rb8 Rc1 56. Rg8+ Kh7 57. Ra8 Kg6 58. Rg8+ Kh7 59. Rg7+ Kh8 60. g6 a2 61. Rxf7 Rc8 62. Ra7 Rc4+ 63. Kg5 Rc5+ 64. Kh6 1-0